000 00290nam a22001337a 4500
008 171011b xxu||||| |||| 00| 0 eng d
020 _a0520062620
041 _aeng
080 _a316
100 _a50
101 _aSOC
245 _aCOMMUNITY IN AMERICA
_cREYNOLDS.CH.H
942 _2udc
_cBK
999 _c33012
_d33012